Formal languages and their relation to automata /
Guardado en:
| Autor Principal: | |
|---|---|
| Otros Autores: | |
| Formato: | Libro |
| Idioma: | English |
| Publicado: |
Reading, Mass. :
Addison-Wesley,
c1969.
|
| Series: | Addison-Wesley series in computer science and information processing
|
| Etiquetas: |
Agregar Etiqueta
Sin Etiquetas, Sea el primero en etiquetar este registro!
|
| LEADER | 00724nam a22002055 4500 | ||
|---|---|---|---|
| 001 | MAT.inmabb002066 | ||
| 008 | 690324s1969####maua#####b####001#0#eng#d | ||
| 005 | 20160607161708.0 | ||
| 245 | 1 | 0 | |a Formal languages and their relation to automata / |c John E. Hopcroft, Jeffrey D. Ullman. |
| 260 | |a Reading, Mass. : |b Addison-Wesley, |c c1969. | ||
| 300 | |a vii, 242 p. : |b il. ; |c 24 cm. | ||
| 440 | 0 | |a Addison-Wesley series in computer science and information processing | |
| 504 | |a Bibliografía: p. 233-238. | ||
| 510 | 4 | |a MR, |c 38 #5533 | |
| 020 | |a 0201029839 | ||
| 100 | 1 | |a Hopcroft, John E., |d 1939- | |
| 700 | 1 | |a Ullman, Jeffrey D., |d 1942- | |
| 084 | |a 68Qxx |2 msc2000 | ||
| 010 | |a 69014297 | ||
| 859 | |h 68 |i H791 |p A-3716 |b BIB. MATEMATICA | ||
